书目信息 |
| 题名: |
导游基础知识
|
|
| 作者: | 李文芬 主编 | |
| 分册: | ||
| 出版信息: | 北京 中国人民大学出版社 2002 |
|
| 页数: | 397页 | |
| 开本: | 21cm | |
| 丛书名: | ||
| 单 册: | ||
| 中图分类: | F592.6 | |
| 科图分类: | ||
| 主题词: | 旅游--企业--中国 , 旅游--企业--企业管理--中国 | |
| 电子资源: | ||
| ISBN: | 7-300-03910-3 | |
| 000 | 00676nam0 2200229 45 | |
| 001 | 012002071704 | |
| 005 | 20041110095418.8 | |
| 010 | @a7-300-03910-3@dCNY18.00 | |
| 100 | @a20020911d2002 em y0chiy0110 ea | |
| 101 | 0 | @achi |
| 102 | @aCN@b110000 | |
| 105 | @aa z 000yy | |
| 200 | 1 | @a导游基础知识@9dao you ji chu zhi shi@f李文芬主编@FLi Wen Fen Zhu Bian |
| 210 | @a北京@c中国人民大学出版社@d2002 | |
| 215 | @a397页@c图表@d21cm | |
| 300 | @a高职高专旅游与饭店管理专业系列教材 | |
| 606 | 0 | @a旅游@x企业@y中国 |
| 606 | 0 | @a旅游@x企业@x企业管理@y中国 |
| 690 | @aF592.6@v4 | |
| 701 | 0 | @a李文芬@4主编 |
| 801 | @aCN@bTSTC@c20030331 | |
| 905 | @b321799-803@dF592.6@e26@f5 | |
| 导游基础知识/李文芬主编.-北京:中国人民大学出版社,2002 |
| 397页:图表;21cm |
| 高职高专旅游与饭店管理专业系列教材 |
| ISBN 7-300-03910-3:CNY18.00 |
| ● |
| 相关链接 |
|
|
|
|
正题名:导游基础知识
索取号:F592.6/26
 
预约/预借
| 序号 | 登录号 | 条形码 | 馆藏地/架位号 | 状态 | 备注 |
| 1 | 0321799 | 203217991 | 第一借阅区/ [索取号:F592.6/26] | 在馆 | |
| 2 | 0321800 | 203218008 | 第一借阅区/ [索取号:F592.6/26] | 在馆 | |
| 3 | 0321801 | 203218017 | 第一借阅区/ [索取号:F592.6/26] | 在馆 | |
| 4 | 0321802 | 203218026 | 第一借阅区/ [索取号:F592.6/26] | 在馆 | |
| 5 | 0321803 | 203218035 | 第一样本阅览室/ [索取号:F592.6/26] | 在馆 |